00807nam a22002417a 4500003000500000005001700005008004100022010000900063011000900072035000900081040000900090082002000099100002200119245003400141260004000175300001900215490002300234500012500257650004200382650003500424710008300459830002300542CHAP20220329133634.0971013s1987 r 00010 d a8879 a9851 a9087 cCHAP a581.0724063bG700aGreen, C. E.eed. aPlant tissue and cell culture aNew York :bAlan R Liss Inc.,c1987 a509 p.b: ilus aPlant biologyv; 3 aProceeings of the 6th International Congress on Plant Tissue and Cell Culture held at the University of Minnesota, 1986.14aCitología e histología vegetales.14aCultivo de tejidosxCongresos.0 aInternational Congress on Plant Tissue and Cell Culture (6 : 1986 : Minnesota)0 aPlant biologyv; 3